| 000 | 00563nam a2200205 i 4500 | ||
|---|---|---|---|
| 001 | 9911 | ||
| 003 | ES-MaACL | ||
| 005 | 20260424183902.0 | ||
| 007 | t| | ||
| 008 | 940509s1985 xxk ||||1| eng d | ||
| 020 | _a0-571-13680-X | ||
| 080 | _a82(Durrell,L.3.01) | ||
| 080 | _a82-14"19" | ||
| 100 | 1 |
_aDurrell, Lawrence, _d1912-1990 _946321 |
|
| 245 | 1 | 0 |
_aCollected poems 1931-1974 / _cLawrence Durrell. |
| 260 |
_aLondon ; _aBoston : _bFaber and Faber, _c1985. |
||
| 300 |
_a350 p. ; _c22 cm. |
||
| 852 |
_aES-MaACL _jL-17367 _bR.122520 |
||
| 999 |
_c9911 _d9911 |
||